Culture Générale - Série 1065 - Statistiques

Statistiques générales
  • Ce quiz a été pris 88 fois
  • Le résultat moyen est 3 sur 10
Statistiques - réponses
Question Réponse % Correct
Il est le premier livre de la Torah, et donc de la Bible, c'est le livre de la ... Genèse
72%
Ville italienne ayant accueilli un concile, et qui porte le nom d'un nombre entier Trente
59%
Ville du nord-est de l'Espagne, en Catalogne, dont l'anagramme est "SUER" Reus
49%
Petit restaurant populaire italien trattoria
34%
Dans l'Antiquité grecque, c'est un habitant de Laconie réduit en esclavage par les Spartiates, et dont l'anagramme est "toile" ilote
33%
Journaliste, écrivain et humoriste français, prénommé Alphonse, né le 20 octobre 1854 à Honfleur et mort le 28 octobre 1905 à Paris Alphonse Allais
28%
Ce mot désigne à la fois un couronnement lors d'une cérémonie religieuse et un faucon sacre
28%
Ancienne monnaie italienne en or à l'effigie d'un duc ducat
17%
Au XIXè siécle, ce mot désignait un apprenti peintre chargé des basses besognes, et qui rime avec "sapin" rapin
10%
Langue romani parlée en Espagne, au Portugal, au sud de la France, en Amérique latine et, durant une période, en Afrique du Nord, par des Gitans ibériques, ayant pour homonyme une coiffure militaire calo
1%
Aucun quiz correspondant
Distribution des résultats
% des personnes avec chaque résultat
Percentile par nombre de réponses
Votre historique - résultats
Vous n’avez pas pris ce quiz